Consumer protection through regulation of unfair trade practices (Record no. 409822)

000 -LEADER
fixed length control field 00397cam a22001337a 4500
008 - FIXED-LENGTH DATA ELEMENTS--GENERAL INFORMATION
fixed length control field 180718b2009 xxu||||| |||| 00| 0 eng d
020 ## - INTERNATIONAL STANDARD BOOK NUMBER
International Standard Book Number 9788189580179
082 ## - DEWEY DECIMAL CLASSIFICATION NUMBER
Classification number T15 K527
100 ## - MAIN ENTRY--PERSONAL NAME
Personal name Khatri, Prakash Vir
245 ## - TITLE STATEMENT
Title Consumer protection through regulation of unfair trade practices
Statement of responsibility, etc. by Prakash Vir Khatri
260 ## - PUBLICATION, DISTRIBUTION, ETC.
Place of publication, distribution, etc. Delhi
Name of publisher, distributor, etc. Jyoti
Date of publication, distribution, etc. 2009
300 ## - PHYSICAL DESCRIPTION
Extent 474p.
650 ## - SUBJECT ADDED ENTRY--TOPICAL TERM
Topical term or geographic name entry element Consumer Protection
Holdings
Withdrawn status Lost status Damaged status Not for loan Permanent Location Current Location Date acquired Full call number Barcode Date last seen Price effective from Koha item type
        Indian Institute of Public Administration Indian Institute of Public Administration 2009-04-30 T15 K527 82878 2018-07-21 2018-07-21 Book

Powered by Koha